00658nam a2200241 a 4500001001300000003000900013005001700022008004100039020001000080082001600090100001900106245002800125260003200153300000900185500003500194505001000229650003200239700001900271902000800290942000700298952009600305999001500401nice12345678IN_TiNIC20260116011537.0050524s1940 lona grp 000 0 per  ac10000a891.51bUMA aUmar Khayyam,  aRubaiyat-I-Umar Khayyam aLondon bNo Publisherc1940 a129p aincludes index and biblioraphy2 aIndex aPersian Poetry-Umer Khayyam1 aUmar Khayyam,  bSRS cBK 00104070aHMIbHMId2007-06-01g100.00l0o891.51 UMAp4495r2007-06-01w2026-01-16yARB c2492d2492